000 01478nam a2200301 a 4500
001 000025110
003 DO-SdBNP
005 20250307073710.0
008 110210t1982 dr 001 e spa d
040 _aDO-SdBNP
_bspa
_cBNPHU
049 _aBNPD
082 _aRD864.42
_bL318zs
100 1 _aLara, Juan Jacobo de,
_d1909-
_946266
245 1 0 _aSobre Pedro Henríquez Ureña y otros ensayos /
_cJuan Jacobo de Lara; presentación Manuel de Jesús Goico Castro.
260 _aSanto Domingo :
_bUniversidad Nacional Pedro Henríquez Ureña,
_c1982.
300 _a368 p. ;
_c22 cm.
504 _aIncluye bibliografía y notas al pie de páginas.
504 _aBibliografía : p. 365-368.
505 0 _aPresentación. --
_gPrólogo --
_tConferencia sobre Pedro Henríquez Ureña --
_tPedro Henríquez Ureña: apóstol de América --
_tProsa y estílo de Pedro Henríquez Ureña --
_tAnálisis del pasado de América --
_tOrientación
600 1 0 _aHenríquez Ureña, Pedro,
_d1884-1946
_xENSAYOS, CONFERENCIAS, ETC
_91718
600 1 4 _aZORRILLA DE SAN MARTÍN, JUAN,
_d1857-1931
_tTABARÉ
_xCRÍTICA E INTERPRETACIÓN
_951500
650 4 _aLiteratura dominicana
_xHistoria y crítica
_9159
650 4 _aLiteratura hispanoamericana
_xHistoria y crítica
_96273
651 4 _aRepública Dominicana
_xHistoria
_y1844-1930
_xEnsayos, Conferencias, Etc.
_938562
700 1 _aGoico Castro, Jesús,
_d1916-1990
_951501
910 _aValidado. Control de calidad EMS.
942 _2ddc
_cLBS1
999 _c24603
_d24603